000 00680cam a2200193 i 4500
005 20251113122253.0
008 250721s2014 ua gr 000 0 ara d
020 _a9789774364386
082 1 4 _a189.12
_bف ا ر
100 1 _aالفارابي، أبي النصر
_eمؤلف.
245 1 2 _aالمدينة الفاضلة للفارابي /
_cتأليف أبي نصر الفارابي.
250 _aالطبعة الأولى.
264 3 1 _aالقاهرة :
_bمكتبة النافذة،
_c2014.
300 _a111 صفحة.
650 1 7 _aالفلسفة الاسلامية.
650 1 7 _aفلسفة الفارابي.
942 _2ddc
_cBK
999 _c131325
_d131325